000 00713nam a2200205Ia 4500
001 2936
003 GE_BSU
008 181216s||||||||xx |||||||||||||| ||und||
040 _cGE_BSU
080 _a66.013.(075.32)
100 _aБесчастнов,М.В. Соколов,В.М. Кац,М.И.
245 _aАварии в химических производствах и меры их предупреждения.
245 _cред.Л.В.Швыркова.
260 _aМ.
260 _bХимия.
260 _c1976.
300 _a368стр.22см.с илл.
653 _aАварии в химических производствах и меры их предупреждения.
942 _cBK
999 _c36984
_d36984